| 000 | 00000nas 2200000za 4500 |
| 001 | 9.502644 |
| 003 | CaOODSP |
| 005 | 20221107133134 |
| 007 | cr ||||||||||| |
| 008 | 150406d20082013oncar p o f0 b0fre|d |
| 022 | |a1926-1721 |
| 040 | |aCaOODSP|bfre |
| 043 | |an-cn--- |
| 086 | 1 |aCC171-11F-PDF |
| 110 | 2 |aCommission canadienne de sûreté nucléaire. |
| 222 | 0|aÉvaluation intégrée en matière de sûreté des centrales nucléaires au Canada par le personnel de la CCSN pour ... |b(En ligne) |
| 245 | 10|aÉvaluation intégrée en matière de sûreté des centrales nucléaires au Canada par le personnel de la CCSN pour ... |h[ressource électronique]. |
| 260 | |aOttawa : |bCommission canadienne de sûreté nucléaire, |c2008-2014. |
| 310 | |aAnnuel |
| 362 | 0 |a2008-2013. |
| 500 | |aPubli. aussi en anglais sous le titre : CNSC staff integrated safety assessment of Canadian nuclear power plants for ... |
| 520 | 3 |aPrésente des conclusions sur le rendement en matière de sûreté à chacune des centrales nucléaires, soulève des observations de nature générique et dégage des tendances s’appliquant à l’ensemble des centrales nucléaires. |
| 692 | 07|2gccst|aNuclear facilities |
| 692 | 07|2gccst|aSafety |
| 775 | 08|tCNSC staff integrated safety assessment of Canadian nuclear power plants for ... |w(CaOODSP)9.506247 |
| 776 | 0#|tÉvaluation intégrée en matière de sûreté des centrales nucléaires au Canada par le personnel de la CCSN |w(CaOODSP)9.514063 |
| 780 | 00|tRapport annuel ... du personnel de la CCSN sur le rendement en matière de sûreté des centrales nucléaires au Canada |w(CaOODSP)9.503691 |
| 785 | 00|tRapport de surveillance réglementaire des centrales nucléaires au Canada |w(CaOODSP)9.803452 |